[Event "Verbandsliga Suedbaden 2122"]
[Site "Baden"]
[Date "2021.10.10"]
[Round "1.1"]
[White "Grandadam, Patrick"]
[Black "Moucheroud, Jeremy"]
[Result "1-0"]
[WhiteElo "2312"]
[BlackElo "2312"]
[PlyCount "165"]
[EventDate "2021.10.10"]
[EventType "team-tourn"]
[EventRounds "9"]
[EventCountry "GER"]
[SourceTitle "EXT 2023"]
[Source "ChessBase"]
[SourceDate "2022.10.05"]
[SourceVersion "1"]
[SourceVersionDate "2022.10.05"]
[SourceQuality "1"]
[WhiteTeam "Dreilaendereck"]
[BlackTeam "Sasbach"]
[WhiteTeamCountry "GER"]
[BlackTeamCountry "GER"]

1. Nf3 d5 2. d4 Nf6 3. c4 e6 4. Nc3 Be7 5. Bg5 Nbd7 6. e3 h6 7. Bh4 0-0 8. Qc2 c5 9. cxd5 Nxd5 10. Bxe7 Qxe7 11. Nxd5 exd5 12. Be2 b6 13. 0-0 Bb7 14. Rac1 Rac8 15. Qa4 Bc6 16. Qa3 Rfe8 17. dxc5 bxc5 18. Rc2 Rb8 19. Rfc1 Qd8 20. h3 Re4 21. b3 a5 22. Bd3 Reb4 23. Bf5 d4 24. e4 a4 25. Bxd7 Bxd7 26. bxa4 Rxa4 27. Qxc5 d3 28. Rc3 Be6 29. Qe3 Rxa2 30. Rxd3 Qa5 31. Nd4 Re8 32. Nc6 Qa4 33. Rd4 Qb5 34. Rd2 Rxd2 35. Qxd2 Qa4 36. Qd3 Qa2 37. Qd4 Qa3 38. Rc3 Qa1+ 39. Kh2 Qe1 40. Rg3 g6 41. Ne7+ Rxe7 42. Qd8+ Kg7 43. Qxe7 Qxf2 44. Qd6 Qc2 45. Qe5+ Kh7 46. Rc3 Qb2 47. Rc5 Qxe5+ 48. Rxe5 h5 49. Kg3 Kg7 50. Kf4 Kf6 51. Rb5 Bc4 52. Rb6+ Kg7 53. g4 hxg4 54. hxg4 Ba2 55. g5 Bc4 56. Ke5 Bb3 57. Rc6 Ba2 58. Rb6 Bc4 59. Kd4 Ba2 60. Kc3 Kf8 61. Ra6 Be6 62. Kb4 Ke7 63. Kc5 Bb3 64. Ra3 Bc2 65. Kd5 Kf8 66. Rc3 Bb1 67. Rc7 Kg7 68. Ra7 Bc2 69. Rb7 Bd3 70. Kd4 Ba6 71. Rb6 Be2 72. Ke5 Bd3 73. Rb4 Bc2 74. Kd6 Bd3 75. Ke7 Bc2 76. e5 Bf5 77. Rb6 Bd3 78. Rf6 Bc4 79. e6 fxe6 80. Rf7+ Kg8 81. Kf6 Bd3 82. Rg7+ Kf8 83. Rd7 1-0

[Event "Oberliga Baden 1920"]
[Site "Baden"]
[Date "2020.02.09"]
[Round "6.1"]
[White "Milov, Vadim"]
[Black "Moucheroud, Jeremy"]
[Result "1/2-1/2"]
[WhiteElo "2598"]
[BlackElo "2294"]
[PlyCount "82"]
[EventDate "2019.09.29"]
[EventType "team-tourn"]
[EventRounds "9"]
[EventCountry "GER"]
[SourceTitle "CBM 195 Extra"]
[Source "ChessBase"]
[SourceDate "2020.05.31"]
[SourceVersion "1"]
[SourceVersionDate "2020.05.31"]
[SourceQuality "1"]
[WhiteTeam "Baden-Baden III"]
[BlackTeam "Sasbach"]
[WhiteTeamCountry "GER"]
[BlackTeamCountry "GER"]

1. c4 e6 2. Nc3 d5 3. d4 Nf6 4. cxd5 exd5 5. Bg5 c6 6. e3 Be7 7. Bd3 Nbd7 8. Nge2 h6 9. Bh4 Nh5 10. Bxe7 Qxe7 11. Qd2 Nb6 12. f3 Bd7 13. b3 f5 14. Ng3 Nxg3 15. hxg3 0-0-0 16. a4 Rde8 17. a5 Na8 18. Kf2 h5 19. Na4 Kb8 20. Nc5 Bc8 21. Be2 h4 22. gxh4 Rxh4 23. g3 Rxh1 24. Rxh1 g5 25. Nd3 Qf6 26. Ne5 Nc7 27. Rh7 Rh8 28. Rxh8 Qxh8 29. Kg1 Qh3 30. Qe1 f4 31. Bf1 Qh6 32. a6 b6 33. exf4 gxf4 34. Qc1 c5 35. dxc5 Nxa6 36. c6 Nc5 37. c7+ Kb7 38. b4 Nb3 39. Qxf4 Qxf4 40. gxf4 a5 41. bxa5 bxa5 1/2-1/2

[Event "Haarlem Masters"]
[Site "Haarlem"]
[Date "2019.10.26"]
[Round "8"]
[White "Moucheroud, Jeremy"]
[Black "Tondivar, Babak"]
[Result "1/2-1/2"]
[WhiteElo "2294"]
[BlackElo "2324"]
[PlyCount "52"]
[EventDate "2019.10.19"]
[EventType "tourn"]
[EventRounds "9"]
[EventCountry "NED"]
[EventCategory "4"]
[SourceTitle "CBM 192 Extra"]
[Source "Chessbase"]
[SourceDate "2019.11.06"]
[SourceVersion "1"]
[SourceVersionDate "2019.11.06"]
[SourceQuality "1"]

1. e4 e6 2. d4 d5 3. Nd2 c5 4. exd5 exd5 5. Ngf3 a6 6. Be2 Nf6 7. 0-0 Be7 8. dxc5 Bxc5 9. Nb3 Ba7 10. Bg5 0-0 11. c3 Re8 12. Nfd4 h6 13. Bh4 Nc6 14. Re1 g5 15. Bg3 Ne4 16. Bh5 Rf8 17. Bf3 f5 18. Bxe4 fxe4 19. Qh5 Qf6 20. Rf1 Bd7 21. h4 Rae8 22. Nc2 Be6 23. Ne3 Bf7 24. Qg4 Be6 25. Qh5 Bf7 26. Qg4 Be6 1/2-1/2

[Event "Vienna op"]
[Site "Vienna"]
[Date "2019.08.23"]
[Round "8"]
[White "Moucheroud, Jeremy"]
[Black "Haldorsen, Benjamin"]
[Result "1-0"]
[WhiteElo "2302"]
[BlackElo "2452"]
[PlyCount "65"]
[EventDate "2019.08.17"]
[EventType "swiss"]
[EventRounds "9"]
[EventCountry "AUT"]
[SourceTitle "EXT 2020"]
[Source "ChessBase"]
[SourceDate "2019.10.17"]
[SourceVersion "1"]
[SourceVersionDate "2019.10.17"]
[SourceQuality "1"]

1. e4 c5 2. Nf3 e6 3. d4 cxd4 4. Nxd4 Nc6 5. Nc3 Qc7 6. Be3 a6 7. Qf3 d6 8. 0-0-0 Bd7 9. Qg3 Nf6 10. f4 b5 11. Nxc6 Bxc6 12. e5 dxe5 13. fxe5 Nd5 14. Nxd5 Bxd5 15. Kb1 g6 16. Bd3 Bg7 17. Bf4 0-0 18. h4 h5 19. Rhg1 Qa5 20. b3 Qc3 21. Qe1 Rfc8 22. Qxc3 Rxc3 23. Rdf1 b4 24. g4 hxg4 25. Rxg4 Rcc8 26. Rg3 Kf8 27. Bd2 Bxe5 28. Rxg6 a5 29. Bh6+ Ke7 30. Bg5+ Kd6 31. Rxf7 Rf8 32. Be7+ Kc6 33. Rxf8 1-0

[Event "Karlsruhe Grenke op"]
[Site "Karlsruhe"]
[Date "2019.04.22"]
[Round "9"]
[White "Moucheroud, Jeremy"]
[Black "Benkovic, Petar"]
[Result "0-1"]
[WhiteElo "2294"]
[BlackElo "2405"]
[PlyCount "106"]
[EventDate "2019.04.18"]
[EventType "swiss"]
[EventRounds "9"]
[EventCountry "GER"]
[SourceTitle "CBM 189 Extra"]
[Source "ChessBase"]
[SourceDate "2019.06.03"]
[SourceVersion "1"]
[SourceVersionDate "2019.06.03"]
[SourceQuality "1"]

1. e4 c5 2. Nf3 e6 3. d4 cxd4 4. Nxd4 Nf6 5. Nc3 d6 6. Be3 Nc6 7. Be2 Be7 8. 0-0 0-0 9. f4 Bd7 10. Kh1 Nxd4 11. Bxd4 Bc6 12. Bd3 g6 13. Qe1 Nh5 14. Ne2 Bh4 15. Qb4 Be7 16. Qe1 Bh4 17. Qb4 a5 18. Qb6 Qd7 19. Bc3 Bd8 20. Qe3 b5 21. a3 Qb7 22. b4 Bb6 23. Bd4 Bxd4 24. Nxd4 e5 25. fxe5 dxe5 26. Nxc6 Qxc6 27. Qc5 Qxc5 28. bxc5 Rab8 29. Rab1 Rfc8 30. Bxb5 Rxc5 31. Bd3 Rxb1 32. Rxb1 Nf4 33. g3 Nxd3 34. cxd3 Rc3 35. Rb5 a4 36. Rxe5 Rxd3 37. Ra5 Rxa3 38. e5 Ra2 39. h4 Kf8 40. Ra7 h5 41. Kg1 a3 42. Kf1 Ke8 43. Kg1 Kd8 44. Kf1 Kc8 45. Kg1 Kb8 46. Ra4 Kb7 47. Kh1 Kb6 48. Kg1 Kc5 49. Kh1 Kb5 50. Ra7 Kb4 51. Rb7+ Kc3 52. Ra7 Kd4 53. Ra5 Ke4 0-1

[Event "Karlsruhe Grenke op"]
[Site "Karlsruhe"]
[Date "2019.04.21"]
[Round "6"]
[White "Kevlishvili, Robby"]
[Black "Moucheroud, Jeremy"]
[Result "1-0"]
[WhiteElo "2451"]
[BlackElo "2294"]
[PlyCount "61"]
[EventDate "2019.04.18"]
[EventType "swiss"]
[EventRounds "9"]
[EventCountry "GER"]
[SourceTitle "CBM 189 Extra"]
[Source "ChessBase"]
[SourceDate "2019.06.03"]
[SourceVersion "1"]
[SourceVersionDate "2019.06.03"]
[SourceQuality "1"]

1. e4 c5 2. Nf3 d6 3. d4 cxd4 4. Nxd4 Nf6 5. Nc3 a6 6. h4 e5 7. Nb3 Be6 8. f4 exf4 9. Bxf4 Nc6 10. Qd2 Ne5 11. 0-0-0 Be7 12. Nd4 Qa5 13. Nf5 Bxf5 14. exf5 Rc8 15. Kb1 b5 16. Be2 Qc7 17. a3 0-0 18. g4 Nc4 19. Bxc4 Qxc4 20. g5 Nh5 21. Nd5 Rfe8 22. f6 Bf8 23. Rhe1 Nxf4 24. Nxf4 Rxe1 25. Rxe1 gxf6 26. gxf6 Bh6 27. Qg2+ Kh8 28. Nd5 Qd4 29. Ne7 Qd2 30. Qxd2 Bxd2 31. Re2 1-0

[Event "Karlsruhe Grenke op"]
[Site "Karlsruhe"]
[Date "2019.04.21"]
[Round "7"]
[White "Moucheroud, Jeremy"]
[Black "Mesaros, Florian"]
[Result "1-0"]
[WhiteElo "2294"]
[BlackElo "2447"]
[PlyCount "97"]
[EventDate "2019.04.18"]
[EventType "swiss"]
[EventRounds "9"]
[EventCountry "GER"]
[SourceTitle "CBM 189 Extra"]
[Source "ChessBase"]
[SourceDate "2019.06.03"]
[SourceVersion "1"]
[SourceVersionDate "2019.06.03"]
[SourceQuality "1"]

1. e4 e5 2. Nf3 Nc6 3. Bb5 a6 4. Ba4 Nf6 5. Qe2 Be7 6. 0-0 b5 7. Bb3 0-0 8. c3 d5 9. d3 Re8 10. Re1 d4 11. cxd4 Nxd4 12. Nxd4 Qxd4 13. Be3 Qd6 14. Nd2 Ng4 15. Rac1 Nxe3 16. fxe3 c6 17. Nf3 Bg4 18. Qf2 Bf6 19. Red1 h6 20. Rd2 a5 21. a3 a4 22. Ba2 Be6 23. Bb1 Bd8 24. Qg3 Bc7 25. Nh4 Rad8 26. Rdc2 Qxd3 27. Rxc6 Qd1+ 28. Rxd1 Rxd1+ 29. Kf2 Ba5 30. Nf3 Rxb1 31. Qxe5 Bd7 32. Qxb5 Bxc6 33. Qxc6 Rxb2+ 34. Kg3 Reb8 35. Qxa4 Ra8 36. Qd7 Rc2 37. e5 Rc7 38. Qd5 Ra6 39. Kh3 Kh7 40. e6 Raa7 41. exf7 Rxf7 42. Ne5 Rf5 43. Qe4 g6 44. Nxg6 Kxg6 45. g4 Raf7 46. gxf5+ Rxf5 47. Qe6+ Kg5 48. e4 Rb5 49. a4 1-0

[Event "FRA-chT Top 12"]
[Site "Chartres"]
[Date "2017.05.21"]
[Round "4.5"]
[White "Wirig, Anthony"]
[Black "Moucheroud, Jeremy"]
[Result "1-0"]
[WhiteElo "2486"]
[BlackElo "2197"]
[PlyCount "61"]
[EventDate "2017.05.18"]
[EventType "team-tourn"]
[EventRounds "11"]
[EventCountry "FRA"]
[SourceTitle "CBM 178 Extra"]
[Source "ChessBase"]
[SourceDate "2017.06.22"]
[SourceVersion "1"]
[SourceVersionDate "2017.06.22"]
[SourceQuality "1"]
[WhiteTeam "Grasse Echecs"]
[BlackTeam "Montpellier"]
[WhiteTeamCountry "FRA"]
[BlackTeamCountry "FRA"]

1. Nf3 d5 2. g3 c6 3. Bg2 Bg4 4. h3 Bxf3 5. Bxf3 e6 6. d3 Bd6 7. e4 Nd7 8. Qe2 Ne7 9. Nd2 0-0 10. 0-0 Qc7 11. Bg2 a5 12. d4 Qb6 13. c3 Qa6 14. Qh5 Nf6 15. Qd1 Bc7 16. Re1 Rfe8 17. Bf1 Qa7 18. e5 Nd7 19. Qh5 Nf8 20. Nf3 b5 21. h4 Bd8 22. Bd3 b4 23. Qg4 Kh8 24. h5 h6 25. Qf4 Ng8 26. g4 Nh7 27. Qg3 Qd7 28. Kh1 Be7 29. Rg1 Ng5 30. Nxg5 hxg5 31. Bc2 1-0

[Event "Nancy Meurthe rapid"]
[Site "Nancy"]
[Date "2017.02.19"]
[Round "8"]
[White "Adrian, Claude"]
[Black "Moucheroud, Jeremy"]
[Result "1-0"]
[WhiteElo "2233"]
[BlackElo "2197"]
[PlyCount "71"]
[EventDate "2017.02.19"]
[EventType "swiss (rapid)"]
[EventRounds "9"]
[EventCountry "FRA"]
[SourceTitle "CBM 176 Extra"]
[Source "ChessBase"]
[SourceDate "2017.03.02"]
[SourceVersion "1"]
[SourceVersionDate "2017.03.02"]
[SourceQuality "1"]

1. Nf3 d5 2. c4 e6 3. g3 Nf6 4. Bg2 Be7 5. d4 0-0 6. 0-0 dxc4 7. Na3 Nbd7 8. Nxc4 c5 9. dxc5 Nxc5 10. Qc2 Bd7 11. Nfe5 Bb5 12. Rd1 Qc8 13. b3 Rd8 14. Bb2 Qc7 15. Rac1 Rxd1+ 16. Qxd1 Rd8 17. Qc2 Qb8 18. Ne3 Na6 19. a3 Bd6 20. N5g4 Nxg4 21. Nxg4 f5 22. Qc3 Rd7 23. Nh6+ Kf8 24. a4 Rc7 25. Qe3 Rxc1+ 26. Bxc1 Bd7 27. Bb2 gxh6 28. Qxh6+ Ke8 29. Qxh7 Nc5 30. Bf3 Kd8 31. h4 Nxb3 32. h5 Nd2 33. Qg8+ Kc7 34. Qxb8+ Kxb8 35. h6 Nxf3+ 36. exf3 1-0

[Event "Nancy Meurthe rapid"]
[Site "Nancy"]
[Date "2017.02.19"]
[Round "7"]
[White "Moucheroud, Jeremy"]
[Black "Shchekachev, Andrei"]
[Result "1/2-1/2"]
[WhiteElo "2197"]
[BlackElo "2552"]
[PlyCount "30"]
[EventDate "2017.02.19"]
[EventType "swiss (rapid)"]
[EventRounds "9"]
[EventCountry "FRA"]
[SourceTitle "CBM 176 Extra"]
[Source "ChessBase"]
[SourceDate "2017.03.02"]
[SourceVersion "1"]
[SourceVersionDate "2017.03.02"]
[SourceQuality "1"]

1. e4 c5 2. Nf3 e6 3. d4 cxd4 4. Nxd4 a6 5. Nc3 Qc7 6. Be2 Nf6 7. 0-0 d6 8. f4 Be7 9. Kh1 Nbd7 10. a4 b6 11. Qe1 Bb7 12. Bd3 0-0 13. Bd2 Nc5 14. b4 Nxd3 15. cxd3 Nd7 1/2-1/2

[Event "FRA-ch op"]
[Site "Nimes"]
[Date "2014.08.25"]
[Round "8"]
[White "Moucheroud, Jeremy"]
[Black "Poulet, Pierre Emmanuel"]
[Result "0-1"]
[WhiteElo "2137"]
[BlackElo "2171"]
[PlyCount "116"]
[EventDate "2014.08.17"]
[EventType "swiss"]
[EventRounds "11"]
[EventCountry "FRA"]
[SourceTitle "EXT 2015"]
[Source "ChessBase"]
[SourceDate "2014.11.20"]
[SourceVersion "1"]
[SourceVersionDate "2014.11.20"]
[SourceQuality "1"]

1. e4 c5 2. Nf3 e6 3. d4 cxd4 4. Nxd4 Nc6 5. Nc3 Qc7 6. Be2 a6 7. 0-0 Nf6 8. Be3 Bb4 9. Na4 0-0 10. c4 Bd6 11. g3 Nxe4 12. c5 Be5 13. Bf3 f5 14. Bxe4 fxe4 15. a3 Rb8 16. Rc1 Rd8 17. Nxc6 dxc6 18. Qg4 Bf6 19. Rfd1 e5 20. Rxd8+ Qxd8 21. Qxe4 Be6 22. Nc3 Qe8 23. Rd1 Qh5 24. Rd6 Bf5 25. Qc4+ Kh8 26. Ne4 Qg4 27. Nd2 Qd1+ 28. Qf1 Qh5 29. f3 Bh3 30. g4 Bxf1 31. gxh5 Bh3 32. h6 Rg8 33. Kf2 Be7 34. hxg7+ Rxg7 35. Rh6 Rg2+ 36. Ke1 Rxh2 37. Ne4 Rh1+ 38. Kd2 Bg2 39. Rxh1 Bxh1 40. Ke2 Bg2 41. Nd6 Bh3 42. Nxb7 Be6 43. f4 Bf6 44. Na5 Bd5 45. b4 h5 46. Kf2 exf4 47. Bxf4 Bb2 48. Kg3 Kg7 49. Nb7 Bxa3 50. Bd2 Bb2 51. Nd6 Kg6 52. Ne8 Be5+ 53. Kh4 Bf7 54. Nd6 Bf6+ 55. Kg3 Bd5 56. Ne8 h4+ 57. Kh3 Be6+ 58. Kg2 h3+ 0-1

[Event "FRA-ch op-A"]
[Site "Nancy"]
[Date "2013.08.22"]
[Round "10"]
[White "Dudognon, Thibault"]
[Black "Moucheroud, Jeremy"]
[Result "0-1"]
[WhiteElo "2001"]
[BlackElo "2185"]
[PlyCount "120"]
[EventDate "2013.08.11"]
[EventType "swiss"]
[EventRounds "11"]
[EventCountry "FRA"]
[SourceTitle "CBM 156 Extra"]
[Source "ChessBase"]
[SourceDate "2013.10.22"]
[SourceVersion "1"]
[SourceVersionDate "2013.10.22"]
[SourceQuality "1"]

1. e4 c5 2. Nf3 d6 3. d4 cxd4 4. Nxd4 Nf6 5. Nc3 a6 6. g3 e5 7. Nde2 Nbd7 8. Bg2 b5 9. h3 Bb7 10. a3 Nc5 11. Bg5 Be7 12. Bxf6 Bxf6 13. 0-0 0-0 14. h4 Rc8 15. Qd2 Qb6 16. Rfd1 Be7 17. Nc1 Kh8 18. Nd3 Nxd3 19. Qxd3 Rc4 20. Rac1 Qc5 21. Qe2 Bd8 22. Nd5 Rd4 23. c3 Rxd1+ 24. Rxd1 g6 25. Qe3 Qc8 26. Qh6 Kg8 27. Ne3 Qe6 28. Bf3 Bf6 29. Bg4 Qb3 30. Nf5 Bxe4 31. Nxd6 Bc2 32. Rd2 Qxb2 33. Qe3 Qc1+ 34. Kh2 Bb3 35. h5 Qxa3 36. Ne4 Bg7 37. h6 Bh8 38. Rd7 f5 39. Qa7 Rf7 40. Nd6 Qxd6 41. Bd1 Rxd7 42. Bxb3+ Kf8 43. Qa8+ Rd8 44. Qb7 Qf6 45. Qxh7 f4 46. Qg8+ Ke7 47. h7 fxg3+ 48. Kxg3 Rd3+ 49. Kg2 Qf3+ 50. Kf1 Qf6 51. Qc8 Rd8 52. Qc7+ Kf8 53. Ke2 Qe7 54. Qb6 Qd6 55. Qb7 Qd3+ 56. Ke1 Qb1+ 57. Ke2 Qxb3 58. Qf3+ Qf7 59. Qh3 Qa2+ 60. Ke3 Qd2+ 0-1

[Event "FRA-ch op-A"]
[Site "Nancy"]
[Date "2013.08.20"]
[Round "8"]
[White "Naudier, Serge"]
[Black "Moucheroud, Jeremy"]
[Result "1-0"]
[WhiteElo "2194"]
[BlackElo "2185"]
[PlyCount "89"]
[EventDate "2013.08.11"]
[EventType "swiss"]
[EventRounds "11"]
[EventCountry "FRA"]
[SourceTitle "CBM 156 Extra"]
[Source "ChessBase"]
[SourceDate "2013.10.22"]
[SourceVersion "1"]
[SourceVersionDate "2013.10.22"]
[SourceQuality "1"]

1. e4 c5 2. Nc3 d6 3. Nge2 a6 4. d4 cxd4 5. Nxd4 Nf6 6. Be3 e5 7. Nb3 Be6 8. Be2 Be7 9. f4 exf4 10. Bxf4 Nc6 11. Qd2 0-0 12. 0-0-0 Ne5 13. Nd4 b5 14. a3 Qb6 15. Nf5 Bxf5 16. exf5 b4 17. axb4 Qxb4 18. Qd4 Qa5 19. g4 Rfb8 20. Qa4 Qxa4 21. Nxa4 Rb4 22. Bxe5 dxe5 23. Nc3 Rab8 24. b3 Bc5 25. Nd5 Rd4 26. Rxd4 Bxd4 27. Nxf6+ gxf6 28. Bxa6 Ra8 29. Bb7 Ra7 30. Be4 Bc3 31. Kd1 Ra1+ 32. Ke2 Rxh1 33. Bxh1 Kf8 34. Kd3 Be1 35. c4 Bb4 36. Ke4 Ke7 37. Kd5 Kd7 38. c5 Bd2 39. Be4 Kc7 40. Kc4 Bf4 41. h3 Bd2 42. b4 Be1 43. b5 Bf2 44. b6+ Kb8 45. Kb5 1-0

[Event "FRA-ch op-A"]
[Site "Caen"]
[Date "2011.08.24"]
[Round "8"]
[White "Moucheroud, Jeremy"]
[Black "Malka, Samuel"]
[Result "0-1"]
[WhiteElo "2089"]
[BlackElo "2071"]
[PlyCount "70"]
[EventDate "2011.08.16"]
[EventType "swiss"]
[EventRounds "11"]
[EventCountry "FRA"]
[SourceTitle "CBM 144 Extra"]
[Source "ChessBase"]
[SourceDate "2011.10.28"]
[SourceVersion "1"]
[SourceVersionDate "2011.10.28"]
[SourceQuality "1"]

1. e4 c5 2. Nc3 d6 3. Nge2 Nc6 4. d4 cxd4 5. Nxd4 g6 6. Bc4 Bg7 7. Be3 Nf6 8. f3 0-0 9. Qd2 Bd7 10. 0-0-0 Rb8 11. Kb1 b5 12. Bb3 Na5 13. g4 Nc4 14. Bxc4 bxc4 15. Ka1 Qb6 16. Rb1 Qa5 17. h4 Rb6 18. Nde2 Ra6 19. Bh6 Bxh6 20. Qxh6 Rb8 21. Qg5 Rb5 22. Qe3 Bxg4 23. fxg4 Nxg4 24. Qh3 f5 25. Nc1 Re5 26. Rf1 d5 27. exd5 Ne3 28. Qh2 e6 29. Rg1 exd5 30. h5 d4 31. hxg6 Rxg6 32. Rh1 h6 33. Nd1 Rg2 34. b4 Nxc2+ 35. Kb2 Qa3# 0-1

[Event "Champagne Ardenne op 5th"]
[Site "Champagne Ardenne"]
[Date "2009.05.02"]
[Round "5"]
[White "Moucheroud, Jeremy"]
[Black "Camus, Berenger"]
[Result "1/2-1/2"]
[WhiteElo "2056"]
[BlackElo "2185"]
[PlyCount "28"]
[EventDate "2009.05.01"]
[EventType "swiss"]
[EventRounds "7"]
[EventCountry "FRA"]
[SourceTitle "EXT 2010"]
[Source "ChessBase"]
[SourceDate "2010.11.25"]
[SourceVersion "1"]
[SourceVersionDate "2010.11.25"]
[SourceQuality "1"]

1. e4 c5 2. Nf3 Nc6 3. Bb5 e6 4. 0-0 Nge7 5. c3 a6 6. Ba4 b5 7. Bc2 d5 8. d4 cxd4 9. exd5 Nxd5 10. Nxd4 Bb7 11. Re1 Be7 12. a4 Nxd4 13. Qxd4 Bf6 14. Qg4 h5 1/2-1/2

[Event "Champagne Ardenne op 5th"]
[Site "Champagne Ardenne"]
[Date "2009.05.01"]
[Round "1"]
[White "Louot, Catherine"]
[Black "Moucheroud, Jeremy"]
[Result "0-1"]
[WhiteElo "1530"]
[BlackElo "2056"]
[PlyCount "68"]
[EventDate "2009.05.01"]
[EventType "swiss"]
[EventRounds "7"]
[EventCountry "FRA"]
[SourceTitle "EXT 2010"]
[Source "ChessBase"]
[SourceDate "2010.11.25"]
[SourceVersion "1"]
[SourceVersionDate "2010.11.25"]
[SourceQuality "1"]

1. d4 d5 2. Nf3 Nf6 3. Bf4 c5 4. e3 Qb6 5. Nbd2 Nc6 6. Rb1 cxd4 7. exd4 Nxd4 8. Bd3 Bg4 9. c3 Nxf3+ 10. Nxf3 e6 11. Qa4+ Kd8 12. Ne5 Bc5 13. Nxf7+ Ke7 14. Nxh8 Bxf2+ 15. Kd2 Ne4+ 16. Bxe4 dxe4 17. Qb4+ Qxb4 18. cxb4 e3+ 19. Bxe3 Rd8+ 20. Kc3 Bxe3 21. h3 Bf5 22. Rbe1 Bd2+ 23. Kc4 Bxe1 24. Rxe1 Rxh8 25. g4 Bg6 26. Re5 Rc8+ 27. Rc5 Rxc5+ 28. bxc5 Bb1 29. a3 g5 30. Kd4 Ba2 31. Ke3 Bc4 32. Kf2 Kd7 33. b4 Kc6 34. Ke3 Bf1 0-1

[Event "FRA-ch op-A"]
[Site "Pau"]
[Date "2008.08.17"]
[Round "6"]
[White "Normand, Vincent"]
[Black "Moucheroud, Jeremy"]
[Result "1/2-1/2"]
[WhiteElo "2090"]
[BlackElo "2012"]
[PlyCount "89"]
[EventDate "2008.08.11"]
[EventType "swiss"]
[EventRounds "9"]
[EventCountry "FRA"]
[SourceTitle "CBM 126 Extra"]
[Source "ChessBase"]
[SourceDate "2008.11.05"]
[SourceVersion "1"]
[SourceVersionDate "2008.11.05"]
[SourceQuality "1"]

1. e4 c5 2. Nc3 Nc6 3. Bb5 d6 4. Bxc6+ bxc6 5. d3 g6 6. f4 Bg7 7. Nf3 d5 8. e5 e6 9. b3 Ba6 10. 0-0 Ne7 11. Na4 c4 12. Nc5 Qa5 13. Nxa6 Qxa6 14. dxc4 dxc4 15. Qe2 Nd5 16. Qxc4 Qxc4 17. bxc4 Nb6 18. c5 Nd7 19. Be3 Bf8 20. Nd2 Bxc5 21. Kf2 Ke7 22. Nc4 Bb6 23. a4 Rab8 24. Rab1 c5 25. Rb3 Bc7 26. Rfb1 a6 27. Kf3 Rxb3 28. Rxb3 Rb8 29. Ke4 Kd8 30. g4 Rb4 31. Rxb4 cxb4 32. f5 a5 33. Bd4 Ke7 34. f6+ Kd8 35. h4 Kc8 36. h5 Kb7 37. hxg6 hxg6 38. Nd2 Nf8 39. Nf3 Nh7 40. Kd3 Bb6 41. Bb2 Kc6 42. Ke4 Bf2 43. Bd4 Bxd4 44. Nxd4+ Kc5 45. Nb3+ 1/2-1/2

[Event "FRA-ch op-A"]
[Site "Pau"]
[Date "2008.08.15"]
[Round "4"]
[White "Lamberti, Hugo"]
[Black "Moucheroud, Jeremy"]
[Result "1-0"]
[WhiteElo "2101"]
[BlackElo "2012"]
[PlyCount "123"]
[EventDate "2008.08.11"]
[EventType "swiss"]
[EventRounds "9"]
[EventCountry "FRA"]
[SourceTitle "CBM 126 Extra"]
[Source "ChessBase"]
[SourceDate "2008.11.05"]
[SourceVersion "1"]
[SourceVersionDate "2008.11.05"]
[SourceQuality "1"]

1. e4 c5 2. Nf3 Nc6 3. d4 cxd4 4. Nxd4 Nf6 5. Nc3 e5 6. Ndb5 d6 7. Bg5 a6 8. Na3 b5 9. Nd5 Be7 10. Bxf6 Bxf6 11. c3 Bg5 12. h4 Bh6 13. Nc2 0-0 14. g4 Bf4 15. Qf3 Re8 16. Be2 Rb8 17. Rd1 Be6 18. Kf1 Bxd5 19. Rxd5 Ne7 20. Rd1 Ng6 21. h5 Ne7 22. Nb4 Qb6 23. Kg2 Rbc8 24. Nd5 Nxd5 25. Rxd5 Re6 26. Qd3 Bg5 27. a4 bxa4 28. Qxa6 Qxa6 29. Bxa6 Rc5 30. Ra1 Rxd5 31. exd5 Re8 32. Rxa4 Rb8 33. Rc4 Kf8 34. b4 Bd8 35. Kf3 Bb6 36. Rc6 Ke7 37. Ke2 Bd8 38. Kd3 Bb6 39. f3 Bd8 40. Kc4 g6 41. hxg6 fxg6 42. Bc8 h5 43. gxh5 gxh5 44. Be6 Ra8 45. Rc8 Ra2 46. Rb8 Rf2 47. Rb7+ Kf6 48. Rf7+ Kg5 49. Kb5 Bf6 50. c4 Rxf3 51. c5 dxc5 52. bxc5 e4 53. c6 Be5 54. c7 Bxc7 55. Rxc7 e3 56. Rc2 Kf6 57. Re2 Ke7 58. Kc5 h4 59. Kd4 h3 60. Ke4 Rg3 61. Kf4 Rg2 62. Rxe3 1-0

[Event "FRA-ch op-A"]
[Site "Pau"]
[Date "2008.08.13"]
[Round "2"]
[White "Moucheroud, Jeremy"]
[Black "Chamaillard, Sylvain"]
[Result "0-1"]
[WhiteElo "2012"]
[BlackElo "2109"]
[PlyCount "65"]
[EventDate "2008.08.11"]
[EventType "swiss"]
[EventRounds "9"]
[EventCountry "FRA"]
[SourceTitle "CBM 126 Extra"]
[Source "ChessBase"]
[SourceDate "2008.11.05"]
[SourceVersion "1"]
[SourceVersionDate "2008.11.05"]
[SourceQuality "1"]

1. e4 c5 2. Nf3 Nf6 3. Nc3 d5 4. exd5 Nxd5 5. Bc4 Nxc3 6. bxc3 e6 7. 0-0 Be7 8. d4 0-0 9. Qe2 Nc6 10. Rd1 Qc7 11. Bd3 Rd8 12. Ng5 h6 13. Nf3 cxd4 14. cxd4 Nxd4 15. Nxd4 Rxd4 16. Bh7+ Kxh7 17. Rxd4 Bf6 18. Rc4 Qe7 19. Rb1 g6 20. Qf3 e5 21. Ba3 Qe6 22. Qb3 Qa6 23. Ra4 Qe6 24. Qxe6 Bxe6 25. Rxb7 Rc8 26. Ra6 Kg8 27. Raxa7 Rxc2 28. Rb8+ Kg7 29. Bf8+ Kh7 30. h3 e4 31. Ra4 Rc1+ 32. Kh2 Be5+ 33. g3 0-1

[Event "FRA-ch Accession"]
[Site "Aix les Bains"]
[Date "2007.08.19"]
[Round "6"]
[White "Riff, Jean Noel"]
[Black "Moucheroud, Jeremy"]
[Result "1-0"]
[WhiteElo "2460"]
[BlackElo "1982"]
[PlyCount "61"]
[EventDate "2007.08.13"]
[EventType "swiss"]
[EventRounds "11"]
[EventCountry "FRA"]
[SourceTitle "CBM 120 Extra"]
[Source "ChessBase"]
[SourceDate "2007.11.01"]
[SourceVersion "1"]
[SourceVersionDate "2007.11.01"]
[SourceQuality "1"]

1. e4 c5 2. Nf3 Nc6 3. Bb5 d6 4. 0-0 Bd7 5. Re1 Nf6 6. c3 a6 7. Bf1 Bg4 8. d3 g6 9. Nbd2 Bg7 10. h3 Bxf3 11. Nxf3 0-0 12. Bg5 Nd7 13. Qd2 b5 14. d4 cxd4 15. cxd4 Re8 16. a4 bxa4 17. Rxa4 Qb6 18. Be3 Qb7 19. Rea1 Ncb8 20. Rb4 Qc7 21. Rc1 Qd8 22. d5 Bf8 23. Rb7 e6 24. dxe6 fxe6 25. Bc4 Kh8 26. Bg5 Qc8 27. Bd5 Nc5 28. Bf6+ Kg8 29. Ng5 Nbd7 30. Nxe6 Nxf6 31. Nxf8+ 1-0

[Event "FRA-ch U16"]
[Site "Calvi"]
[Date "2005.04.17"]
[Round "1"]
[White "Dourerassou, Jonathan"]
[Black "Moucheroud, Jeremy"]
[Result "1-0"]
[WhiteElo "2343"]
[BlackElo "1930"]
[PlyCount "59"]
[EventDate "2005.04.??"]
[EventType "swiss"]
[EventRounds "9"]
[EventCountry "FRA"]
[SourceTitle "EXT 2006"]
[Source "ChessBase"]
[SourceDate "2005.11.24"]
[SourceVersion "1"]
[SourceVersionDate "2005.11.24"]
[SourceQuality "1"]

1. e4 c5 2. Nf3 Nc6 3. Nc3 g6 4. d4 cxd4 5. Nxd4 Bg7 6. Be3 d6 7. Qd2 Nf6 8. f3 0-0 9. 0-0-0 Nxd4 10. Bxd4 Be6 11. Kb1 Qc7 12. Nd5 Bxd5 13. exd5 Rfc8 14. Rc1 a6 15. g4 b5 16. g5 Nh5 17. Bxg7 Nxg7 18. Bh3 Re8 19. Bg4 f5 20. gxf6 exf6 21. h4 h5 22. Bh3 Qf7 23. Qh6 Ra7 24. Rhg1 Qxd5 25. Qxg6 Qf7 26. Qh6 f5 27. Rg5 Re5 28. f4 Rd5 29. Rcg1 Qf8 30. Qe6+ 1-0